000 00345nam a2200157Ia 4500
003 OSt
005 20240212100633.0
008 170524s9999 xx 000 0 und d
020 _a0195687175
040 _cIIMT UNIVERSITY
100 _aBLOIS KEITH
100 _c2012
245 0 _aTEXT BOOK OF MARKETING
260 _aOXFORD
942 _2ddc
_c02
999 _c2797
_d2797